Cartilla ICA de Villavicencio Impuestos de industria, comercio y predial unificado /

Bibliographic Details
Main Author: Parra Ortiz, Harold Ferney
Format: eBook
Language:Spanish
Published: Bogot:̀ Editorial Nueva Legislacin̤, 2012
Subjects:
Online Access:Acceso restringido

MARC

LEADER 00000nam a22000007a 4500
005 20131009153948.0
007 cr|||| ||||
008 131009s2012 cp |||||s|||| 00||0 spa d
020 |a 978-958-8371-89-4 
035 |a 11526 
040 |a vLex 
090 |c 4518  |d 4518 
100 1 |a Parra Ortiz, Harold Ferney 
245 1 0 |a Cartilla ICA de Villavicencio  |h [Recurso electrn̤ico] :  |b Impuestos de industria, comercio y predial unificado /  |c Harold Ferney Parra Ortiz 
256 |a Servicio en ln̕ea 
260 |a Bogot:̀  |b Editorial Nueva Legislacin̤,  |c 2012 
300 |a 1 recurso electrn̤ico 
506 1 |a Contenido solo disponible en los productos indicados  |d vLex Global  |d vLex Global (Academic Edition, excluding Law Schools)  |d vLex Global (U.S. Academic Edition, Law Schools)  |d vLex Global (U.S. Academic Edition, excluding Law Schools)  |d vLex Global (Academic Edition, Law Schools) 
650 0 4 |a Impuestos  |z Colombia 
740 0 |a vLex Libros (Servicio en ln̕ea) 
856 4 0 |u http://vlex.com/source/cartilla-ica-villavicencio-11526  |z Acceso restringido 
942 |c BOOK 
999 0 |a Taxation